| 000 | 00870nas a2200265Ia 4500 | ||
|---|---|---|---|
| 001 | dp5/12-30190 | ||
| 003 | IT-MiCISF | ||
| 008 | 161014c99999999xx |||||||||||| ||und|| | ||
| 040 |
_aIT-MiCISF _cIT-MiCISF |
||
| 041 | _aITALIANO | ||
| 100 | _aSartor Paolo | ||
| 210 | _aAmbrosius | ||
| 222 | _aAmbrosius | ||
| 245 | 0 | _aLa visita alle famiglie oggi | |
| 250 | _a1a ed. | ||
| 260 | _c1999 | ||
| 501 |
_bCISF - Centro Internazionale Studi Famiglia - Via Giotto, 36 20145 MILANO (non commercial uses only) _cCopyright 2016 |
||
| 300 | _app. 506-579 | ||
| 362 | _a n. 6 [1999] | ||
| 500 | _aBarbieri G., Asiani A., Orioli E., Poggi M., Della Torre V., Brambilla E. Tema: pastorale-familiare, spiritualità-familiare, chiesa-locale | ||
| 650 |
_aPASTORALE - pastorale familiare _vdossier |
||
| 700 | _aAA.VV. | ||
| 942 | _cCR | ||
| 957 | _71 | ||
| 999 |
_a30190 _bSi _g1 _c220890 _d220890 |
||